000 00534 a2200181 4500
999 _c6698
_d6698
020 _a086922784X
050 _aR121 DUR 2004
100 _aMpofu, Nomalanga
_eauthor
245 _aDuramazwi reUrapi neUtano /
_cNomalanga Mpofu, Herbert Chimhundu, Esau Mangoya and Emmanuel Chabata
264 _aGweru:
_bMambo press.,
_c2004
300 _axiv.,106 pages
500 _ano index
650 _aDictionary
_xShona
700 _aChimhundu Herbert
700 _aMangoya Esau
700 _aChabata Emmanuel
942 _2lcc
_cREF
_h121
_iDUR
_kR